Je ne suis pas une fille a papa /

সংরক্ষণ করুন:
গ্রন্থ-পঞ্জীর বিবরন
প্রধান লেখক: Honoré, Christophe (লেখক)
বিন্যাস: গ্রন্থ
ভাষা:ফরাসি
প্রকাশিত: [Paris] : Thierry Magnier, c1998
মালা:Collection roman
ট্যাগগুলো: ট্যাগ যুক্ত করুন
কোনো ট্যাগ নেই, প্রথমজন হিসাবে ট্যাগ করুন!

MARC

LEADER 00000nam a22000007i 4500
001 IT\ICCU\UBO\1510411
003 ItRI
005 20260115231839.0
008 011127s1998 fr |||||| ||||| |||||c
020 |a 2844200303 
040 |b ita  |c importazione bologna sebina 
041 7 |a fre  |2 ISO-639-2 
100 1 |a Honoré, Christophe  |0 IT\ICCU\RAVV\224675  |4 aut 
245 1 0 |a Je ne suis pas une fille a papa /  |c Christophe Honore ; illustrations Antoine Guilloppe. 
260 |a [Paris] :  |b Thierry Magnier,  |c c1998 
300 |a 77 p. :  |b ill. ;  |c 21 cm. 
830 0 |a Collection roman  |0 IT\ICCU\UBO\1508176 
942 |2 ddc  |c BK  |n 0 
952 |0 0  |1 0  |4 0  |6 R_843_914000000000000_HON  |7 0  |9 14154  |a BO  |b BO  |d 2026-01-15  |i 13080  |l 0  |o R 843.914 HON  |p BO13080  |r 2026-01-15 23:18:39  |w 2026-01-15  |x [Sebina 5] [1 v.]  |y BK  |z 1 v. 
999 |c 12211  |d 12211